Студент и научно-технический прогресс. Математика: материалы XXII Всесоюзной научной студенческой конференции, Новосибирск, 10-12 апреля 1984 г.

Detaylı Bibliyografya
Kurumsal yazarlar: Новосибирский государственный университет (НГУ) (570), Студент и научно-технический прогресс
Diğer Yazarlar: Мерзляков Ю. И. Юрий Иванович (редактор)
Dil:Rusça
Baskı/Yayın Bilgisi: Новосибирск, Изд-во НГУ, 1984
Seri Bilgileri:Математика
Konular:
Materyal Türü: Kitap
KOHA link:https://koha.lib.tpu.ru/cgi-bin/koha/opac-detail.pl?biblionumber=281695

MARC

LEADER 00000nam0a2200000 4500
001 281695
005 20231101235428.0
035 |a (RuTPU)RU\TPU\book\305536 
090 |a 281695 
100 |a 20150124d1984 k y0rusy50 ca 
101 0 |a rus 
102 |a RU 
105 |a a z 101zy 
200 1 |a Студент и научно-технический прогресс. Математика  |e материалы XXII Всесоюзной научной студенческой конференции, Новосибирск, 10-12 апреля 1984 г.  |f Новосибирский государственный университет (НГУ) ; отв. ред. Ю. И. Мерзляков 
210 |a Новосибирск  |c Изд-во НГУ  |d 1984 
215 |a 84 с.  |c ил. 
225 1 |a Математика 
320 |a Библиография в конце статей 
606 1 |a Математика  |2 stltpush  |3 (RuTPU)RU\TPU\subj\67327  |9 83171 
610 1 |a высшие учебные заведения 
610 1 |a научно-технический прогресс 
610 1 |a 20 век 
610 1 |a конференции 
610 1 |a вариационные методы 
610 1 |a теоремы 
610 1 |a планирование эксперимента 
675 |a 51(063)  |v 3 
702 1 |a Мерзляков  |b Ю. И.  |g Юрий Иванович  |4 340 
712 0 2 |a Новосибирский государственный университет (НГУ)  |2 stltpush  |3 (RuTPU)RU\TPU\col\721 
712 1 2 |a Студент и научно-технический прогресс  |c конференция  |d 22  |e Новосибирск  |f 1984  |4 570 
801 1 |a RU  |b 63413507  |c 20150124 
801 2 |a RU  |b 63413507  |c 20170511  |g RCR 
942 |c BK